000 01474cam a22003734a 4500
001 14522810
003 OSt
005 20230919113101.0
008 050927s2006 enkb b 001 0 eng
010 _a 2006462695
015 _aGBA614922
_2bnb
016 7 _a013381140
_2Uk
020 _a1861892721 (hard)
024 3 _a9781861892720
035 _a(OCoLC)ocm63137294
040 _aUKM
_cUKM
_dBAKER
_dC#P
_dDAY
_dDLC
042 _apcc
050 0 0 _aBP172
_b.J336 2006
082 0 4 _a261.2709
_bJAM/F
100 1 _aJamieson, A. G.
_q(Alan G.)
245 1 0 _aFaith and sword :
_ba short history of Christian-Muslim conflict /
_cAlan G. Jamieson.
260 _aLondon :
_bReaktion,
_c2006.
300 _a256 p. :
_bmaps ;
_c24 cm.
440 0 _aGlobalities
504 _aIncludes bibliographical references (p. 223-239) and index.
650 0 _aChristianity and other religions
_xIslam
_xHistory.
650 0 _aIslam
_xRelations
_xChristianity
_xHistory.
856 4 2 _3Contributor biographical information
_uhttp://www.loc.gov/catdir/enhancements/fy0666/2006462695-b.html
856 4 2 _3Publisher description
_uhttp://www.loc.gov/catdir/enhancements/fy0666/2006462695-d.html
856 4 1 _3Table of contents only
_uhttp://www.loc.gov/catdir/enhancements/fy0666/2006462695-t.html
906 _a7
_bcbc
_ccopycat
_d2
_encip
_f20
_gy-gencatlg
942 _2ddc
_cBK
_h261.2709
_iJAM/F
_k261.2709
_mJAM/F
999 _c42293
_d42293